Catálogo
 En Linea

Too many ghosts. / (Registro nro. 53350)

Detalles MARC
000 -CABECERA
campo de control de longitud fija 01564nam a2200265 c 4500
003 - IDENTIFICADOR DEL NÚMERO DE CONTROL
campo de control DO-SdBNP
005 - FECHA Y HORA DE LA ÚLTIMA TRANSACCIÓN
campo de control 20230502100259.0
006 - CÓDIGOS DE INFORMACIÓN DE LONGITUD FIJA--CARACTERÍSTICAS DEL MATERIAL ADICIONAL
campo de control de longitud fija a||||gr|||| 00| 0
007 - CAMPO FIJO DE DESCRIPCIÓN FÍSICA--INFORMACIÓN GENERAL
campo de control de longitud fija ta
008 - DATOS DE LONGITUD FIJA--INFORMACIÓN GENERAL
campo de control de longitud fija 230425t1959 xu a|||er|||| 001 j eng d
040 ## - FUENTE DE LA CATALOGACIÓN
Centro catalogador/agencia de origen DO-SdBNP
Lengua de catalogación spa
Centro/agencia transcriptor BNPHU
Normas de descripción rda
041 07 - CÓDIGO DE LENGUA
Código de lengua original eng
082 #4 - NÚMERO DE LA CLASIFICACIÓN DECIMAL DEWEY
Número de edición 22
Número de documento/Ítem G168t
100 1# - ENTRADA PRINCIPAL--NOMBRE DE PERSONA
9 (RLIN) 41158
Nombre de persona Gallico, Paul,
Fechas asociadas al nombre 1897-1976
245 10 - MENCIÓN DE TÍTULO
Título Too many ghosts. /
Mención de responsabilidad, etc. Paul Gallico; frontispicio, Ezra Jack Keats
264 32 - PRODUCCIÓN, PUBLICACIÓN, DISTRIBUCIÓN, FABRICACIÓN Y COPYRIGHT
Producción, publicación, distribución, fabricación y copyright Garden City, N. Y. :
Nombre del de productor, editor, distribuidor, fabricante Doubleday & company, Inc.,
Fecha de producción, publicación, distribución, fabricación o copyright 1959
300 ## - DESCRIPCIÓN FÍSICA
Extensión 288 páginas :
Otras características físicas ilustración ;
Dimensiones 21 cm
336 ## - TIPO DE CONTENIDO
Fuente rdaconten
Término de tipo de contenido texto
Código de tipo de contenido txt
337 ## - TIPO DE MEDIO
Fuente rdamedia
Nombre/término del tipo de medio sin medición
Código del tipo de medio n
338 ## - TIPO DE SOPORTE
Fuente rdacarrier
Nombre/término del tipo de soporte volumen
Código del tipo de soporte nc
505 ## - NOTA DE CONTENIDO CON FORMATO
Nota de contenido con formato Infestation
Título The Ghost tht came to dinner.-- Mr. Hero has a visitor.-- Meg.-- Exercise in exorcim.-- Who would hate Susan Marshall?.-- <br/>Mr. Hero is baited.-- Ware! women!.-- The avid widow.-- The honorable Isobel.-- What it´s like to be noreen.--Return engagement.-- Enter the good fairy.-- Can Ghosts be trapped?.-- Never hunt a ghost with a gun.-- Alexander Hero regrets...--
-- The anti - un of paradine hall.-- Parewell to a poltergeist.-- Mr. Jellicot Weeps.-- Mr. Taylos Parts. the curtains.-- "My dear, it´s a family matter".-- Assist be Johann Sebastian Bach.-- Coffe for sixteen pistol for one.-- Courtesy of Dr. John Henry Pepper.-- "Good - by, my Bonnie dear".-- There Who departed.-- The stuff of ghosts.-- "Never again to speak except to ´ray".
590 ## - NOTA LOCAL (RLIN)
Nota local Inventariado 2023 / MF
700 1# - PUNTO DE ACCESO ADICIONAL--NOMBRE DE PERSONA
Nombre de persona Jack Keats, Ezra,
Término indicativo de función/relación frontispicio
9 (RLIN) 83299
942 ## - ELEMENTOS DE PUNTO DE ACCESO ADICIONAL (KOHA)
Fuente del sistema de clasificación o colocación Dewey Decimal Classification
Tipo de ítem Koha Libro
Existencias
Estado de retiro Estado de pérdida Fuente del sistema de clasificación o colocación Restricciones de uso No para préstamo Código de colección Localización permanente Ubicación/localización actual Ubicación en estantería Fecha de adquisición Fuente de adquisición Total de préstamos Signatura topográfica completa Código de barras Fecha visto por última vez Precio válido a partir de Tipo de ítem Koha
    Dewey Decimal Classification Préstamo especial   General Raros y Valiosos Biblioteca Nacional Pedro Henríquez Ureña Biblioteca Nacional Pedro Henríquez Ureña En catalogación   Donado por Rafael Andrés Ortega   G168t 2023-1492 25.04.2023 25.04.2023 Libro

Con tecnología Koha